[Event "World Youth U-16 Olympiad 2018"]
[Site "Konya"]
[Date "2018.11.25"]
[Round "1"]
[White "Firouzja, Alireza"]
[Black "Wijesinghe, N L C Dojitha"]
[Result "1-0"]
[WhiteElo "2607"]
[BlackElo "1688"]
[Annotator "TA"]
[PlyCount "73"]
[EventDate "2018.11.25"]
[EventType "team-tourn"]
[EventCountry "TUR"]
[SourceTitle "playchess.com"]
[Source "ChessBase"]
[SourceQuality "1"]
[WhiteTeam "Iran"]
[BlackTeam "Sri Lanka"]
[WhiteTeamCountry "IRI"]
[BlackTeamCountry "SRI"]

1. e4 c5 2. Nf3 d6 3. d4 cxd4 4. Nxd4 Nf6 5. Nc3 g6 6. Be3 Bg7 7. f3 O-O 8. Qd2 Nc6 9. Bc4 Bd7 10. h4 Qa5 11. Bb3 Rfc8 12. O-O-O Ne5 13. Kb1 b5 14. Ncxb5 Qxd2 15. Bxd2 Rab8 16. Nc3 a5 17. a4 Nc4 18. Bg5 Kf8 19. Ncb5 h6 20. Bc1 Be8 21. Bxc4 Rxc4 22. b3 Rcc8 23. Bb2 Nd7 24. Na7 Rc5 25. Ba3 Rc7 26. Ndb5 Rcb7 27. Nc6 Ra8 28. Nxe7 Kxe7 29. Nxd6 Rb4 30. Rd5 Rab8 31. Rhd1 Nb6 32. Rxa5 Nxa4 33. Ra7+ Kf8 34. Bxb4 Rxb4 35. Ra8 Nc3+ 36. Kc1 Be5 37. Rxe8+ 1-0

[Event "World Youth U-16 Olympiad 2018"]
[Site "Konya"]
[Date "2018.11.25"]
[Round "1"]
[White "Abdusattorov, Nodirbek"]
[Black "Gombocz, Ferenc Jr."]
[Result "1-0"]
[WhiteElo "2560"]
[BlackElo "2290"]
[Annotator "TA"]
[PlyCount "75"]
[EventDate "2018.11.25"]
[EventType "team-tourn"]
[EventCountry "TUR"]
[SourceTitle "playchess.com"]
[Source "ChessBase"]
[SourceQuality "1"]
[WhiteTeam "UZB"]
[BlackTeam "HUN"]
[WhiteTeamCountry "UZB"]
[BlackTeamCountry "HUN"]

1. e4 e5 2. Nf3 Nf6 3. Nxe5 d6 4. Nf3 Nxe4 5. Nc3 Nf6 6. d4 Be7 7. Bd3 O-O 8. O-O Re8 9. h3 Nbd7 10. a4 b6 11. a5 Rb8 12. Bc4 Nf8 13. d5 Ng6 14. Nd4 Bd7 15. Bb5 Bf8 16. Bg5 Bxb5 17. Ncxb5 Qd7 18. Bxf6 gxf6 19. a6 Ra8 20. Qg4 f5 21. Qxf5 Qxf5 22. Nxf5 Rec8 23. Nfd4 Ne7 24. Nc6 Nxc6 25. dxc6 Bg7 26. c3 f5 27. Rfe1 Kf7 28. f4 Bf6 29. Rad1 Bh4 30. Re3 Be7 31. Rd5 Bf6 32. Rxf5 h6 33. g4 Kg7 34. Re6 Bh4 35. Kg2 Rd8 36. Rh5 Bf6 37. Nxc7 Rac8 38. Nd5 1-0

[Event "World Youth U-16 Olympiad 2018"]
[Site "Konya"]
[Date "2018.11.25"]
[Round "1"]
[White "Erigaisi Arjun"]
[Black "Subelj, Jan"]
[Result "1/2-1/2"]
[WhiteElo "2531"]
[BlackElo "2281"]
[Annotator "TA"]
[PlyCount "80"]
[EventDate "2018.11.25"]
[EventType "team-tourn"]
[EventCountry "TUR"]
[SourceTitle "playchess.com"]
[Source "ChessBase"]
[SourceQuality "1"]
[WhiteTeam "IND"]
[BlackTeam "SLO"]
[WhiteTeamCountry "IND"]
[BlackTeamCountry "SLO"]

1. d4 d5 2. c4 e6 3. Nc3 Nf6 4. cxd5 exd5 5. Bg5 Nbd7 6. e3 Be7 7. Bd3 c6 8. Qc2 Nf8 9. Nge2 Ne6 10. Bh4 g6 11. O-O O-O 12. Rad1 Nh5 13. Bxe7 Qxe7 14. Kh1 f5 15. g3 b6 16. Ng1 Bb7 17. Rfe1 Rac8 18. Bf1 Nf6 19. Bg2 c5 20. dxc5 Nxc5 21. f3 a6 22. Nge2 b5 23. Qd2 b4 24. Nb1 a5 25. Nd4 Nfd7 26. a3 Ne5 27. Bf1 Nc4 28. Qf2 Rfe8 29. axb4 axb4 30. Kg1 Qg5 31. Nb5 Rxe3 32. Bxc4 Rxe1+ 33. Qxe1 dxc4 34. Nd6 Rd8 35. Qe5 Bxf3 36. Qxc5 Bxd1 37. Qxc4+ Kg7 38. Qc7+ Kg8 39. Qc4+ Kg7 40. Qc7+ Kg8 1/2-1/2

[Event "World Youth U-16 Olympiad 2018"]
[Site "Konya"]
[Date "2018.11.25"]
[Round "1"]
[White "Sindarov, Javokhir"]
[Black "Borhy, Marcell"]
[Result "1-0"]
[WhiteElo "2513"]
[BlackElo "2201"]
[Annotator "RC"]
[PlyCount "67"]
[EventDate "2018.11.25"]
[EventType "team-tourn"]
[EventCountry "TUR"]
[SourceTitle "playchess.com"]
[Source "ChessBase"]
[SourceQuality "1"]
[WhiteTeam "UZB"]
[BlackTeam "HUN"]
[WhiteTeamCountry "UZB"]
[BlackTeamCountry "HUN"]

1. e4 d6 2. d4 Nf6 3. Nc3 e5 4. Nf3 Nbd7 5. Bc4 Be7 6. O-O O-O 7. a4 a6 8. h3 b6 9. Re1 Bb7 10. d5 Kh8 11. b4 Ng8 12. Qd3 g6 13. Bb2 Bf6 14. Ne2 Bg7 15. Ng3 Ne7 16. a5 bxa5 17. Rxa5 c5 18. Bc3 f5 19. Ng5 cxb4 20. Bxb4 Nxd5 21. Bxd5 Bxd5 22. Rxd5 Qxg5 23. Rxd6 Nf6 24. exf5 gxf5 25. Qxf5 Qxf5 26. Nxf5 a5 27. Nxg7 axb4 28. Ne6 Rfc8 29. Ng5 Ne8 30. Rb6 Rxc2 31. Rxe5 Nc7 32. Re7 Kg8 33. Rxh7 Ra1+ 34. Kh2 1-0

[Event "World Youth U-16 Olympiad 2018"]
[Site "Konya"]
[Date "2018.11.25"]
[Round "1"]
[White "Matviishen, Viktor"]
[Black "Brilej, Jaka"]
[Result "1-0"]
[WhiteElo "2476"]
[BlackElo "2101"]
[Annotator "ChessBase"]
[PlyCount "77"]
[EventDate "2018.11.25"]
[EventType "team-tourn"]
[EventCountry "TUR"]
[SourceTitle "playchess.com"]
[Source "ChessBase"]
[SourceQuality "1"]
[WhiteTeam "Ukraine"]
[BlackTeam "Slovenia"]
[WhiteTeamCountry "UKR"]
[BlackTeamCountry "SLO"]

1. e4 c5 2. Nf3 Nc6 3. Bb5 Nf6 4. Nc3 g6 5. e5 Ng4 6. Bxc6 dxc6 7. d3 Bg7 8. Qe2 O-O 9. Bf4 b6 10. h3 Nh6 11. g4 f5 12. g5 Nf7 13. h4 Be6 14. h5 gxh5 15. Rxh5 Nh8 16. O-O-O Ng6 17. Bd2 Qc7 18. Rdh1 Kf7 19. Nh4 Rh8 20. f4 Rad8 21. Rh3 Qc8 22. Nf3 Qa6 23. b3 b5 24. Rxh7 Rxh7 25. Rxh7 c4 26. Qh2 Qa3+ 27. Kd1 cxb3 28. axb3 b4 29. Rxg7+ Kxg7 30. Qh6+ Kf7 31. Qh7+ Kf8 32. Qxg6 bxc3 33. Qxe6 cxd2 34. Nxd2 Qa1+ 35. Ke2 Qg1 36. Qh6+ Kg8 37. g6 Qg2+ 38. Ke1 Qg3+ 39. Kf1 1-0

[Event "World Youth U-16 Olympiad 2018"]
[Site "Konya"]
[Date "2018.11.25"]
[Round "1"]
[White "Niemann, Hans"]
[Black "Ozturk, Efe Hakan"]
[Result "1-0"]
[WhiteElo "2439"]
[BlackElo "2083"]
[Annotator "TA"]
[PlyCount "105"]
[EventDate "2018.11.25"]
[EventType "team-tourn"]
[EventCountry "TUR"]
[SourceTitle "playchess.com"]
[Source "ChessBase"]
[SourceQuality "1"]
[WhiteTeam "United States"]
[BlackTeam "Turkey"]
[WhiteTeamCountry "USA"]
[BlackTeamCountry "TUR"]

1. d4 Nf6 2. c4 e6 3. Nf3 d5 4. g3 Be7 5. Bg2 O-O 6. O-O Nbd7 7. Qc2 c6 8. Nbd2 b6 9. e4 Bb7 10. e5 Ne8 11. Rd1 Rc8 12. cxd5 cxd5 13. Qd3 Nb8 14. a3 a5 15. b3 Qc7 16. Ne1 Qc3 17. Qxc3 Rxc3 18. Bb2 Rc8 19. Nb1 Nc7 20. Nc3 Bc6 21. Bf1 b5 22. Rdc1 f6 23. Nd3 Bd7 24. a4 b4 25. Nd1 Nca6 26. exf6 gxf6 27. Ne3 Rxc1 28. Rxc1 Rc8 29. Re1 Kf7 30. f4 Nc7 31. Bg2 Nc6 32. f5 Bd6 33. Rf1 Ne7 34. fxe6+ Bxe6 35. g4 Kg7 36. Nc5 Bf7 37. Nb7 Ne8 38. Nxa5 Rc7 39. Rc1 Bf4 40. Kf2 Ra7 41. Nc6 Nxc6 42. Rxc6 Bxh2 43. Bxd5 Bxd5 44. Nxd5 Bd6 45. Ne3 Rc7 46. Nf5+ Kg6 47. d5 Rxc6 48. dxc6 Bc7 49. Kf3 h5 50. Ne7+ Kf7 51. Nd5 hxg4+ 52. Kxg4 Ke6 53. Bc1 1-0

[Event "World Youth U-16 Olympiad 2018"]
[Site "Konya"]
[Date "2018.11.25"]
[Round "1"]
[White "Vlachos, Anatole"]
[Black "Semjonovs, Ilja"]
[Result "0-1"]
[WhiteElo "2434"]
[BlackElo "2245"]
[Annotator "TA"]
[PlyCount "64"]
[EventDate "2018.11.25"]
[EventType "team-tourn"]
[EventCountry "TUR"]
[SourceTitle "playchess.com"]
[Source "ChessBase"]
[SourceQuality "1"]
[WhiteTeam "Greece"]
[BlackTeam "Latvia"]
[WhiteTeamCountry "GRE"]
[BlackTeamCountry "LAT"]

1. d4 Nf6 2. Bf4 c5 3. e3 g6 4. Nc3 cxd4 5. exd4 Bg7 6. Nf3 d6 7. h3 O-O 8. Be2 Nbd7 9. O-O Nb6 10. Qd2 Be6 11. b3 Rc8 12. Ng5 Qc7 13. Nb5 Qxc2 14. Nxe6 Qxd2 15. Bxd2 fxe6 16. Bf3 a6 17. Na3 Nfd5 18. Rae1 Kf7 19. Re4 e5 20. dxe5 Bxe5 21. Rh4 h5 22. Nc4 e6 23. Nxb6 Nxb6 24. Rb4 Nd5 25. Rxb7+ Kg8 26. Rc1 Rxc1+ 27. Bxc1 Rc8 28. Bh6 Rc2 29. Be4 Re2 30. f3 Bg3 31. Bd3 Re1+ 32. Bf1 Nc3 0-1

[Event "World Youth U-16 Olympiad 2018"]
[Site "Konya"]
[Date "2018.11.25"]
[Round "1"]
[White "Tsoi, Dmitry"]
[Black "Wang, Yanbin"]
[Result "0-1"]
[WhiteElo "2429"]
[BlackElo "2220"]
[Annotator "NA"]
[PlyCount "114"]
[EventDate "2018.11.25"]
[EventType "team-tourn"]
[EventCountry "TUR"]
[SourceTitle "playchess.com"]
[Source "ChessBase"]
[SourceQuality "1"]
[WhiteTeam "RUS"]
[BlackTeam "CHN"]
[WhiteTeamCountry "RUS"]
[BlackTeamCountry "CHN"]

1. Nf3 Nf6 2. g3 d5 3. Bg2 Bf5 4. O-O Nbd7 5. d3 e6 6. Nbd2 Be7 7. c4 O-O 8. Nh4 Bg4 9. h3 Bh5 10. g4 Bg6 11. Nxg6 hxg6 12. b3 c6 13. Bb2 e5 14. e3 Bb4 15. a3 Bxd2 16. Qxd2 Nc5 17. Rad1 d4 18. b4 Ne6 19. exd4 exd4 20. f4 g5 21. fxg5 Nh7 22. h4 a5 23. Rde1 g6 24. b5 Qd6 25. Qf2 a4 26. Qf3 Rac8 27. Re2 Rc7 28. b6 Re7 29. Bc1 Qc5 30. Qg3 Rfe8 31. Ref2 Qxb6 32. h5 Nexg5 33. hxg6 fxg6 34. Qh4 Qc5 35. Qh6 Rg7 36. Bd2 Ne6 37. Rf7 Qe5 38. Be4 Nhf8 39. Rxg7+ Qxg7 40. Qh3 Nc5 41. Bg2 Nfd7 42. Bg5 Ne6 43. Bh6 Qh7 44. g5 Nec5 45. Qf3 Qe7 46. Kh1 Ne5 47. Qf4 Rd8 48. Qg3 Nexd3 49. Rf6 Ne5 50. Bh3 d3 51. Bg4 d2 52. Bd1 Ne4 53. Qf4 Nxf6 54. gxf6 Qe6 55. Qg3 Rd3 56. Be3 Qxf6 57. Kh2 Nxc4 0-1

[Event "World Youth U-16 Olympiad 2018"]
[Site "Konya"]
[Date "2018.11.25"]
[Round "1"]
[White "Muradli, Mahammad"]
[Black "Martins, Bruno Andre Leite"]
[Result "1/2-1/2"]
[WhiteElo "2420"]
[BlackElo "2205"]
[Annotator "TA"]
[PlyCount "118"]
[EventDate "2018.11.25"]
[EventType "team-tourn"]
[EventCountry "TUR"]
[SourceTitle "playchess.com"]
[Source "ChessBase"]
[SourceQuality "1"]
[WhiteTeam "Azerbaijan"]
[BlackTeam "Portugal"]
[WhiteTeamCountry "AZE"]
[BlackTeamCountry "POR"]

1. d4 Nf6 2. c4 g6 3. Nc3 Bg7 4. e4 d6 5. Be2 O-O 6. Be3 e5 7. d5 a5 8. g4 Na6 9. g5 Ne8 10. h4 Nc5 11. h5 Bd7 12. Nf3 c6 13. Qc2 cxd5 14. Nxd5 Rc8 15. Rd1 Be6 16. Nc3 Bg4 17. h6 Bh8 18. Rg1 Bxf3 19. Bxf3 Ne6 20. Nb5 Rc6 21. b3 N8c7 22. Qd2 Nxb5 23. cxb5 Rc8 24. Bg4 Nd4 25. Bxd4 exd4 26. Bxc8 Qxc8 27. Qd3 Qe6 28. Rc1 d5 29. e5 Qxe5+ 30. Kf1 Re8 31. Rg3 f6 32. Rc2 Qe1+ 33. Kg2 Qe4+ 34. Qxe4 dxe4 35. gxf6 Bxf6 36. Re2 Kf7 37. Re1 d3 38. Rge3 Bc3 39. Rd1 Bd4 40. Ree1 Bc3 41. Re3 Bd4 42. Rh3 Bf6 43. Kf1 Bg5 44. Re1 Bd2 45. Rd1 Bf4 46. f3 d2 47. fxe4 Rxe4 48. Rd3 g5 49. R3xd2 Bxd2 50. Rxd2 a4 51. bxa4 Rxa4 52. Rd6 Rxa2 53. Rb6 Rb2 54. Kg1 g4 55. Kf1 Rc2 56. Kg1 Rb2 57. Kf1 Rc2 58. Ke1 Rb2 59. Kf1 Rc2 1/2-1/2

[Event "World Youth U-16 Olympiad 2018"]
[Site "Konya"]
[Date "2018.11.25"]
[Round "1"]
[White "Zarubitski, Viachaslau"]
[Black "Hereklioglu, Sude"]
[Result "1-0"]
[WhiteElo "2417"]
[BlackElo "1959"]
[Annotator "TA"]
[PlyCount "65"]
[EventDate "2018.11.25"]
[EventType "team-tourn"]
[EventCountry "TUR"]
[SourceTitle "playchess.com"]
[Source "ChessBase"]
[SourceQuality "1"]
[WhiteTeam "Belarus"]
[BlackTeam "Turkey"]
[WhiteTeamCountry "BLR"]
[BlackTeamCountry "TUR"]

1. e4 c5 2. Nf3 e6 3. d4 cxd4 4. Nxd4 a6 5. c4 Nf6 6. Nc3 d6 7. Be2 Be7 8. O-O O-O 9. Be3 Qc7 10. Rc1 Nbd7 11. f3 b6 12. b4 Bb7 13. a3 Rac8 14. Qe1 Rfe8 15. Qf2 Qb8 16. g4 Ne5 17. g5 Nfd7 18. Na4 Qa8 19. Qg3 d5 20. cxd5 exd5 21. f4 Nc4 22. e5 b5 23. Bg4 Rcd8 24. Nc3 Ndb6 25. Bf2 Nd2 26. e6 fxe6 27. Qh3 Bc8 28. Rfd1 Nbc4 29. Nxe6 Bxe6 30. Bxe6+ Kh8 31. g6 h6 32. Qxh6+ gxh6 33. Bd4+ 1-0

[Event "World Youth U-16 Olympiad 2018"]
[Site "Konya"]
[Date "2018.11.25"]
[Round "1"]
[White "Petriashvili, Nikoloz"]
[Black "Li, Henry"]
[Result "1-0"]
[WhiteElo "2389"]
[BlackElo "2219"]
[Annotator "NA"]
[PlyCount "85"]
[EventDate "2018.11.25"]
[EventType "team-tourn"]
[EventCountry "TUR"]
[SourceTitle "playchess.com"]
[Source "ChessBase"]
[SourceQuality "1"]
[WhiteTeam "Georgia"]
[BlackTeam "Ireland"]
[WhiteTeamCountry "GEO"]
[BlackTeamCountry "IRL"]

1. d4 Nf6 2. Nf3 g6 3. g3 Bg7 4. Bg2 O-O 5. O-O d6 6. a4 a5 7. Nc3 Nc6 8. b3 Bd7 9. Ba3 e5 10. d5 Nb8 11. Nd2 Na6 12. Nc4 b6 13. e4 Ne8 14. Bb2 Qc8 15. Ne2 Nc5 16. Qd2 Bh3 17. Nc3 Bxg2 18. Kxg2 f5 19. f3 Nf6 20. Rae1 Rf7 21. Qe2 Qd7 22. Ba3 Nb7 23. f4 Re8 24. fxe5 dxe5 25. Rd1 Bf8 26. Bxf8 Rfxf8 27. exf5 gxf5 28. Qf3 f4 29. gxf4 e4 30. Qe2 Kh8 31. Kh1 Qh3 32. Qe3 Qh5 33. Rg1 Rg8 34. Ne5 Nd6 35. Nb5 h6 36. Qc3 e3 37. Qxe3 Ng4 38. Qe2 Rxe5 39. fxe5 Ne4 40. Rdf1 Qxe5 41. Rg2 Qxd5 42. Qf3 Nef2+ 43. Rgxf2 1-0

[Event "World Youth U-16 Olympiad 2018"]
[Site "Konya"]
[Date "2018.11.25"]
[Round "1"]
[White "Barseghyan, Armen Ar."]
[Black "Fecker, Noah"]
[Result "0-1"]
[WhiteElo "2386"]
[BlackElo "2184"]
[Annotator "NA"]
[PlyCount "60"]
[EventDate "2018.11.25"]
[EventType "team-tourn"]
[EventCountry "TUR"]
[SourceTitle "playchess.com"]
[Source "ChessBase"]
[SourceQuality "1"]
[WhiteTeam "Armenia"]
[BlackTeam "Switzerland"]
[WhiteTeamCountry "ARM"]
[BlackTeamCountry "SUI"]

1. d4 Nf6 2. Nf3 g6 3. g3 Bg7 4. Bg2 O-O 5. O-O d5 6. b3 c5 7. e3 Nc6 8. Bb2 cxd4 9. exd4 Bf5 10. c3 Qd7 11. Re1 Rac8 12. Nbd2 Bh3 13. Bh1 Rfe8 14. Ne5 Qf5 15. Nxc6 bxc6 16. Ba3 e5 17. Nf1 exd4 18. cxd4 Ne4 19. Bxe4 Rxe4 20. Ne3 Qg5 21. Bc5 Rce8 22. Qd2 Qf6 23. Bxa7 Bh6 24. Bc5 Qf3 25. a3 Rxe3 26. fxe3 Bxe3+ 27. Rxe3 Rxe3 28. Qf2 Qe4 29. Rf1 Bxf1 30. Kxf1 Rf3 0-1

[Event "World Youth U-16 Olympiad 2018"]
[Site "Konya"]
[Date "2018.11.25"]
[Round "1"]
[White "Spyropoulos, Nikolaos"]
[Black "Golubovskis, Maksims"]
[Result "1-0"]
[WhiteElo "2378"]
[BlackElo "2049"]
[Annotator "NA"]
[PlyCount "67"]
[EventDate "2018.11.25"]
[EventType "team-tourn"]
[EventCountry "TUR"]
[SourceTitle "playchess.com"]
[Source "ChessBase"]
[SourceQuality "1"]
[WhiteTeam "Greece"]
[BlackTeam "Latvia"]
[WhiteTeamCountry "GRE"]
[BlackTeamCountry "LAT"]

1. e4 c5 2. Nf3 Nf6 3. e5 Nd5 4. Nc3 e6 5. Bc4 Nb6 6. Bd3 d5 7. exd6 Bxd6 8. b3 O-O 9. O-O Nc6 10. Re1 f5 11. a4 Nd5 12. Bc4 Be7 13. Bb2 Bf6 14. Rb1 g5 15. Nxd5 exd5 16. Bxf6 Rxf6 17. Bb5 g4 18. Ne5 Qd6 19. Bxc6 bxc6 20. d4 cxd4 21. Qxd4 c5 22. Qf4 Bb7 23. b4 c4 24. Rbd1 h6 25. c3 Re8 26. Re2 Re7 27. Kf1 Bc6 28. b5 Bb7 29. Qd4 Rfe6 30. Rde1 Qb6 31. Ng6 Rxg6 32. Rxe7 Qxd4 33. cxd4 Rb6 34. Rc7 1-0

[Event "World Youth U-16 Olympiad 2018"]
[Site "Konya"]
[Date "2018.11.25"]
[Round "1"]
[White "Lashkin, Jegor"]
[Black "Kerimkulov, Omurbek"]
[Result "1-0"]
[WhiteElo "2367"]
[BlackElo "1557"]
[Annotator "NA"]
[PlyCount "95"]
[EventDate "2018.11.25"]
[EventType "team-tourn"]
[EventCountry "TUR"]
[SourceTitle "playchess.com"]
[Source "ChessBase"]
[SourceQuality "1"]
[WhiteTeam "Moldova"]
[BlackTeam "Kyrgyzstan"]
[WhiteTeamCountry "MDA"]
[BlackTeamCountry "KGZ"]

1. Nf3 d5 2. d4 Nf6 3. c4 c6 4. Nc3 g6 5. e3 Bg7 6. h3 Bf5 7. Be2 O-O 8. O-O Nbd7 9. g4 Be4 10. Nd2 Qc7 11. g5 Ne8 12. Ndxe4 dxe4 13. Nxe4 f5 14. gxf6 Ndxf6 15. Ng5 Qd7 16. c5 e6 17. f4 Nc7 18. Bc4 Kh8 19. Bd2 Nfd5 20. Qg4 Rae8 21. Nf3 Qf7 22. Ne5 Qf5 23. Bd3 Qxg4+ 24. hxg4 Rd8 25. Rad1 Nf6 26. Kg2 Nd7 27. Bc4 Bf6 28. Nxd7 Rxd7 29. g5 Bg7 30. a4 Rfd8 31. Ba5 Re8 32. Kf3 Kg8 33. Bd2 Kf8 34. Rh1 Bh8 35. Bd3 Kg8 36. Rh3 Rg7 37. b4 Rf7 38. Rdh1 Rg7 39. b5 cxb5 40. axb5 Ree7 41. Ra1 Rgf7 42. Rxa7 Ne8 43. Ra8 Bg7 44. b6 Kh8 45. Bxg6 Rf8 46. Bxh7 e5 47. Be4+ Kg8 48. Bd5+ 1-0

[Event "World Youth U-16 Olympiad 2018"]
[Site "Konya"]
[Date "2018.11.25"]
[Round "1"]
[White "Baenziger, Fabian"]
[Black "Sargsyan, Shant"]
[Result "1/2-1/2"]
[WhiteElo "2355"]
[BlackElo "2463"]
[Annotator "ChessBase"]
[PlyCount "107"]
[EventDate "2018.11.25"]
[EventType "team-tourn"]
[EventCountry "TUR"]
[SourceTitle "playchess.com"]
[Source "ChessBase"]
[SourceQuality "1"]
[WhiteTeam "Switzerland"]
[BlackTeam "Armenia"]
[WhiteTeamCountry "SUI"]
[BlackTeamCountry "ARM"]

1. c4 e5 2. g3 Nf6 3. Bg2 d5 4. cxd5 Nxd5 5. Nf3 Nc6 6. O-O Be7 7. d4 e4 8. Ne5 f5 9. Nxc6 bxc6 10. Qa4 Qd7 11. f3 Nb6 12. Qd1 exf3 13. Bxf3 Bf6 14. Be3 O-O 15. Nc3 Rb8 16. Qd3 Nd5 17. Qc4 Kh8 18. Nxd5 cxd5 19. Qxd5 Qxd5 20. Bxd5 Rxb2 21. Bc4 Re8 22. Bf2 Bd7 23. Rab1 Reb8 24. Rxb2 Rxb2 25. Rc1 c6 26. Be3 g5 27. Kf2 Kg7 28. d5 cxd5 29. Bxd5 Bb5 30. Bc4 Bxc4 31. Rxc4 Rxa2 32. Rc7+ Kg6 33. Rxa7 Rxa7 34. Bxa7 g4 35. Ke3 Be5 36. Bd4 Bc7 37. Kd3 h5 38. Bf2 Kf6 39. Be3 h4 40. Bf2 h3 41. e3 Ke5 42. Bg1 Kd5 43. Bf2 Ba5 44. Bg1 Be1 45. Ke2 Bb4 46. Kd3 Bc5 47. Bf2 Bd6 48. Bg1 Bc5 49. Bf2 Bb6 50. Be1 Bd8 51. Bf2 Be7 52. Be1 Ba3 53. Bf2 Bb4 54. Bg1 1/2-1/2

[Event "World Youth U-16 Olympiad 2018"]
[Site "Konya"]
[Date "2018.11.25"]
[Round "1"]
[White "Koustav Chatterjee"]
[Black "Amon, Nejc"]
[Result "1-0"]
[WhiteElo "2346"]
[BlackElo "2257"]
[Annotator "NA"]
[PlyCount "73"]
[EventDate "2018.11.25"]
[EventType "team-tourn"]
[EventCountry "TUR"]
[SourceTitle "playchess.com"]
[Source "ChessBase"]
[SourceQuality "1"]
[WhiteTeam "India"]
[BlackTeam "Slovenia"]
[WhiteTeamCountry "IND"]
[BlackTeamCountry "SLO"]

1. d4 Nf6 2. c4 e6 3. Nc3 Bb4 4. e3 O-O 5. Nge2 d5 6. a3 Bd6 7. Ng3 b6 8. cxd5 exd5 9. Be2 c6 10. O-O Re8 11. b4 Bb7 12. Qb3 Nbd7 13. a4 a5 14. bxa5 Rxa5 15. Nf5 Bf8 16. Ba3 c5 17. dxc5 Nxc5 18. Qc2 Nfe4 19. Bb5 Re5 20. Nd4 Rh5 21. Nce2 Bd6 22. f4 Ba6 23. h3 Bxb5 24. axb5 Qd7 25. Nc6 Ra8 26. Bxc5 Rxa1 27. Rxa1 Nxc5 28. Ra8+ Bf8 29. Ned4 g6 30. Qa2 Qc7 31. Kh2 Nd7 32. g4 Rh6 33. Qxd5 Nf6 34. Qf3 Nd7 35. g5 Rh5 36. Qd5 Nf6 37. gxf6 1-0

[Event "World Youth U-16 Olympiad 2018"]
[Site "Konya"]
[Date "2018.11.25"]
[Round "1"]
[White "Thilakarathne, G M H"]
[Black "Daghli, Arash"]
[Result "1/2-1/2"]
[WhiteElo "2346"]
[BlackElo "2352"]
[Annotator "NA"]
[PlyCount "39"]
[EventDate "2018.11.25"]
[EventType "team-tourn"]
[EventCountry "TUR"]
[SourceTitle "playchess.com"]
[Source "ChessBase"]
[SourceQuality "1"]
[WhiteTeam "Sri Lanka"]
[BlackTeam "Iran"]
[WhiteTeamCountry "SRI"]
[BlackTeamCountry "IRI"]

1. e4 e5 2. Nf3 Nc6 3. Bc4 Bc5 4. c3 Nf6 5. d3 a6 6. Bb3 O-O 7. Nbd2 h6 8. O-O d6 9. Re1 Ba7 10. Nf1 Ne7 11. Ng3 Ng6 12. h3 Re8 13. d4 exd4 14. cxd4 c5 15. Be3 cxd4 16. Bxd4 Bxd4 17. Nxd4 Qb6 18. Qd2 Bd7 19. Rad1 Rad8 20. Kh1 1/2-1/2

[Event "World Youth U-16 Olympiad 2018"]
[Site "Konya"]
[Date "2018.11.25"]
[Round "1"]
[White "Budisavljevic, Luka"]
[Black "Briem, Stephan"]
[Result "1-0"]
[WhiteElo "2344"]
[BlackElo "2062"]
[Annotator "NA"]
[PlyCount "53"]
[EventDate "2018.11.25"]
[EventType "team-tourn"]
[EventCountry "TUR"]
[SourceTitle "playchess.com"]
[Source "ChessBase"]
[SourceQuality "1"]
[WhiteTeam "Serbia"]
[BlackTeam "Iceland"]
[WhiteTeamCountry "SRB"]
[BlackTeamCountry "ISL"]

1. d4 f5 2. Nf3 Nf6 3. Bf4 e6 4. e3 Be7 5. h3 O-O 6. Bd3 b6 7. Nbd2 Bb7 8. c3 Ne4 9. Qc2 d5 10. O-O Nd7 11. a4 g5 12. Bh2 Bd6 13. a5 Bxh2+ 14. Nxh2 c5 15. b4 Nxd2 16. Qxd2 c4 17. Bc2 b5 18. f4 h5 19. Qe2 g4 20. hxg4 hxg4 21. Nxg4 fxg4 22. Qxg4+ Kf7 23. f5 Nf6 24. fxe6+ Ke7 25. Qg7+ Kd6 26. Qxb7 Ng4 27. Rxf8 1-0

[Event "World Youth U-16 Olympiad 2018"]
[Site "Konya"]
[Date "2018.11.25"]
[Round "1"]
[White "Harutyunyan, Ruben"]
[Black "Quiroga Jaquez, Angel Ivan"]
[Result "1-0"]
[WhiteElo "2344"]
[BlackElo "2014"]
[Annotator "NA"]
[PlyCount "69"]
[EventDate "2018.11.25"]
[EventType "team-tourn"]
[EventCountry "TUR"]
[SourceTitle "playchess.com"]
[Source "ChessBase"]
[SourceQuality "1"]
[WhiteTeam "France"]
[BlackTeam "Mexico"]
[WhiteTeamCountry "FRA"]
[BlackTeamCountry "MEX"]

1. e4 e5 2. Nf3 Nc6 3. Bb5 a6 4. Ba4 Nf6 5. O-O Be7 6. d3 b5 7. Bb3 O-O 8. Re1 d6 9. c3 Na5 10. Bc2 c5 11. Nbd2 h6 12. Nf1 Nh7 13. a4 b4 14. cxb4 cxb4 15. d4 Bg4 16. dxe5 Bxf3 17. Qxf3 dxe5 18. Qg3 Qd6 19. Ne3 Bg5 20. h4 Bf4 21. Qxg7+ Kxg7 22. Nf5+ Kg6 23. Nxd6 Bxc1 24. Raxc1 Rfd8 25. Red1 Nc6 26. Nxf7 Kxf7 27. Bb3+ Ke7 28. Rxc6 Rxd1+ 29. Bxd1 Rd8 30. Bb3 Nf8 31. Bd5 Rd6 32. Rc7+ Rd7 33. Rc4 a5 34. Rc5 Ra7 35. Rc6 1-0

[Event "World Youth U-16 Olympiad 2018"]
[Site "Konya"]
[Date "2018.11.25"]
[Round "1"]
[White "Wachinger, Nikolas"]
[Black "Navaratnam, Rohan Shan Tze"]
[Result "1/2-1/2"]
[WhiteElo "2338"]
[BlackElo "2097"]
[Annotator "NA"]
[PlyCount "70"]
[EventDate "2018.11.25"]
[EventType "team-tourn"]
[EventCountry "TUR"]
[SourceTitle "playchess.com"]
[Source "ChessBase"]
[SourceQuality "1"]
[WhiteTeam "Germany"]
[BlackTeam "Malaysia"]
[WhiteTeamCountry "GER"]
[BlackTeamCountry "MAS"]

1. e4 c5 2. Nf3 e6 3. g3 d5 4. exd5 exd5 5. d4 Nc6 6. Bg2 Nf6 7. O-O Be7 8. Be3 Bg4 9. dxc5 d4 10. Bg5 O-O 11. Bxf6 Bxf6 12. Nbd2 Qd5 13. Nb3 Qh5 14. Qd3 Nb4 15. Qd2 Nxc2 16. Qxc2 Bxf3 17. Bxf3 Qxf3 18. Rad1 Rad8 19. Qd3 Qd5 20. Rfe1 Rfe8 21. Rc1 h5 22. h4 Re6 23. Rxe6 Qxe6 24. Rd1 Qg4 25. Re1 g6 26. Kg2 Kg7 27. Nd2 Qd7 28. Ne4 Be7 29. Nd6 Qc6+ 30. Kg1 Qxc5 31. Nxb7 Qb4 32. Rxe7 Qxe7 33. Nxd8 Qxd8 34. b4 Qd6 35. a3 Kg8 1/2-1/2

[Event "World Youth U-16 Olympiad 2018"]
[Site "Konya"]
[Date "2018.11.25"]
[Round "1"]
[White "Olsen, Filip Boe"]
[Black "Kayan, Yasar Efe"]
[Result "1-0"]
[WhiteElo "2335"]
[BlackElo "1515"]
[Annotator "NA"]
[PlyCount "55"]
[EventDate "2018.11.25"]
[EventType "team-tourn"]
[EventCountry "TUR"]
[SourceTitle "playchess.com"]
[Source "ChessBase"]
[SourceQuality "1"]
[WhiteTeam "Denmark"]
[BlackTeam "Turkey"]
[WhiteTeamCountry "DEN"]
[BlackTeamCountry "TUR"]

1. d4 e6 2. c4 d5 3. Nc3 Nf6 4. cxd5 exd5 5. Bg5 Be7 6. e3 O-O 7. Bd3 h6 8. Bf4 c6 9. h3 Bd6 10. Nge2 Re8 11. Qc2 Bxf4 12. Nxf4 Qd6 13. O-O Na6 14. Bxa6 bxa6 15. Na4 Ne4 16. Rfc1 Bd7 17. Nc5 Nxc5 18. Qxc5 Qxc5 19. Rxc5 Rab8 20. b3 Rb5 21. Rc3 Bf5 22. Rxc6 a5 23. Rac1 Rd8 24. R1c5 Rb6 25. Rxb6 axb6 26. Rxd5 Rxd5 27. Nxd5 b5 28. Ne7+ 1-0